000 00351nam a22001577a 4500
020 _a978-0-141-32087-8
082 _a823
_bBRO/W
100 _aBROAD, MICHAEL
245 _aJAKE CAKE
246 _aTHE WERE WOLF TEACHER
260 _aNEW DELHI
_bPENGUIN BOOKS
_c2007
300 _a121
520 _aSHORT STORY
650 _aSHORT STORY
942 _cBK
999 _c5778
_d5778